Estatísticas para Estados e províncias que tocam os grandes lagos

Clique aqui para jogar o quiz

Estatísticas Gerais

  • Esse quiz foi jogado 30 vezes
  • A pontuação média é 6 de 9

Estatísticas das Respostas

Estado / Província% Correto
Michigan
93%
Ohio
80%
Indiana
77%
Wisconsin
73%
Ontário
70%
Nova Iorque
63%
Pensilvânia
63%
Ilinóis
50%
Minnesota
50%

Distribuição das Pontuações

Percentil de Números Respondidos

Porcentagem de Pessoas com Cada Pontuação

Sua Pontuação Histórica

Você não jogou esse quiz